Estimates of home insulation levels in Great Britain (Record no. 113391)

MARC details
000 -LEADER
fixed length control field 01006cad a22002055a 4500
001 - CONTROL NUMBER
control field L155201
008 - FIXED-LENGTH DATA ELEMENTS--GENERAL INFORMATION
fixed length control field 120309s2012 xxk f 000 0 eng d
035 ## - SYSTEM CONTROL NUMBER
System control number (Sirsi) u155201
041 0# - LANGUAGE CODE
Language code of text/sound track or separate title eng
110 2# - MAIN ENTRY--CORPORATE NAME
Corporate name or jurisdiction name as entry element United Kingdom
Subordinate unit Department for Energy and Climate Change
9 (RLIN) 5697
245 00 - TITLE STATEMENT
Title Estimates of home insulation levels in Great Britain
Remainder of title January 2012
260 ## - PUBLICATION, DISTRIBUTION, ETC.
Place of publication, distribution, etc. London
Name of publisher, distributor, etc. DECC
Date of publication, distribution, etc. 2012
520 ## - SUMMARY, ETC.
Summary, etc. Key findings show that out of a total of 26.7 million homes in the UK 14.1 million had loft insulation (60% of homes with lofts), 11.2 million homes had cavity wall insulation (59% of homes with cavity walls) and 122 000 had solid wall insulation (2% of homes with solid walls).
590 ## - LOCAL NOTE (RLIN)
Local note KA NTK
651 #4 - SUBJECT ADDED ENTRY--GEOGRAPHIC NAME
Geographic name United Kingdom
690 ## - LOCAL SUBJECT ADDED ENTRY--TOPICAL TERM (OCLC, RLIN)
Topical term or geographic name as entry element Energy
9 (RLIN) 6237
690 ## - LOCAL SUBJECT ADDED ENTRY--TOPICAL TERM (OCLC, RLIN)
Topical term or geographic name as entry element Sustainability
9 (RLIN) 6271
856 40 - ELECTRONIC LOCATION AND ACCESS
Uniform Resource Identifier <a href="https://www.decc.gov.uk/assets/decc/11/stats/energy/energy-efficiency/4537-statistical-release-estimates-of-home-insulation-.pdf">https://www.decc.gov.uk/assets/decc/11/stats/energy/energy-efficiency/4537-statistical-release-estimates-of-home-insulation-.pdf</a>
Public note View the item free of charge at www.decc.gov.uk
942 ## - ADDED ENTRY ELEMENTS (KOHA)
Suppress in OPAC 0
Holdings
Withdrawn status Lost status Source of classification or shelving scheme Damaged status Not for loan Home library Current library Shelving location Date acquired Total Checkouts Full call number Barcode Date last seen Copy number Price effective from Koha item type
    Dewey Decimal Classification     Virtual Virtual Online 09/03/2012   ONLINE PUBLICATION 155201-2001 06/08/2019 1 06/08/2019 Book